00346nam a2200145Ia 4500003000500000008004100005020001500046040001900061082000700080100004600087245001600133260003200149300000700181546001200188STCL181203s9999 xx 000 0 und d a0216882141 aSTCLbENcSTCL 222 aShakespeare, William; Grose, Kenneth, Ed. 4aThe Tempest bBlackie & SonaLondonc1970 a67 aEnglish